00253 a2200121 4500001000700000020000600007040001100013100002100024240003700045245003200082300000800114362000900122182646 a  cMagnum aSaramago, José10aHistoria do cerco de lisboalpor10aHistoria do cerco de lisboa a3190 a2003